Вып. 54: Теоретические и методологические проблемы; Вопросы Республиканской автоматизированной системы управления (РАСУ)

Dettagli Bibliografici
Parent link:Вопросы Республиканской автоматизированной системы управления (РАСУ): сборник научных трудов/ Академия наук Узбекской ССР (АН УзССР). Вып. 54: Теоретические и методологические проблемы.— , 1976-1990
Altri autori: Зиядуллаев Н. С. (редактор)
Lingua:russo
Pubblicazione: 1990
Soggetti:
Natura: MixedMaterials Libro
KOHA link:https://koha.lib.tpu.ru/cgi-bin/koha/opac-detail.pl?biblionumber=222626

MARC

LEADER 00000nam2a2200000 4500
001 222626
005 20231031200041.0
035 |a (RuTPU)RU\TPU\book\242840 
035 |a RU\TPU\book\242835 
090 |a 222626 
100 |a 20120926d1990 k y0rusy50 ca 
101 0 |a rus 
102 |a UZ 
105 |a a z 001zy 
200 0 |a Вып. 54: Теоретические и методологические проблемы  |f отв. ред. Н. С. Зиядуллаев 
210 |d 1990 
215 |a 164 с.  |c ил. 
320 |a Библиогр. в конце ст. 
461 1 |0 (RuTPU)RU\TPU\book\218517  |t Вопросы Республиканской автоматизированной системы управления (РАСУ)  |o сборник научных трудов  |f Академия наук Узбекской ССР (АН УзССР)  |v Вып. 54: Теоретические и методологические проблемы  |d 1976-1990 
610 1 |a автоматизированные системы управления 
610 1 |a создание 
610 1 |a функционирование 
610 1 |a народное хозяйство 
610 1 |a компьютеризация 
610 1 |a планирование 
610 1 |a применение 
675 |a 658.5.011  |v 3 
702 1 |a Зиядуллаев  |b Н. С.  |4 340 
801 1 |a RU  |b 63413507  |c 20110907 
801 2 |a RU  |b 63413507  |c 20230324  |g RCR 
942 |c BK